| 000 | 00553cam a2200217 4500 | ||
|---|---|---|---|
| 001 | B2955 | ||
| 008 | 090401t1989 xxu||||| |||| 00| 0 eng d | ||
| 035 | _a(Sirsi) u53159 | ||
| 041 | _aeng | ||
| 050 | _a346.410438 | ||
| 110 |
_aConveyancing Standing Committee _91962 |
||
| 245 | _aLet the buyer be well informed | ||
| 260 |
_aLondon _bLaw Commission _c1989 |
||
| 300 | _a13p. ; 30cm. | ||
| 350 | _a0 | ||
| 520 | _aA committee of the Law Commission . | ||
| 650 | _aCAVEAT EMPTOR | ||
| 650 | _aCONVEYANCING | ||
| 942 | _n0 | ||
| 948 | _c04/03/1997 | ||
| 999 |
_c93229 _d93229 |
||